Szczegóły MARC21

Zarządzanie : podstawy kierowania przedsiębiorstwem : koncepcje, funkcje, przykłady /

003 -Nazwa inst., której nr kontr. jest w polu 001 [,]
    • @
    • Nazwa instytucji, której n kontrolny jest w polu 001
    • NUKAT
005 -DATA I CZAS OSTATNIEJ MODYFIKACJI [,]
    • @
    • pole kontrolne
    • 20241231113240.0
020 -Międzynarod. znormalizowany nr książki - ISBN [ , ]
    • a
    • Numer ISBN
    • 8370853757 Find
040 -Instytucja sporządzająca opis [ , ]
    • a
    • Instytucja, która sporządziła opis (NP)
    • KR 122/TZ
    • b
    • Język katalogowania
    • pol
    • e
    • Zasady katalogowania
    • rda
    • c
    • Instytucja, która sporządziła rekord (NP)
    • KR 122/TZ
    • d
    • Instytucja, która zmodyfikowała rekord (P)
    • KR 122/MN
    • d
    • Instytucja, która zmodyfikowała rekord (P)
    • GL 001/FMM
041 -Język dokumentu [1, ]
    • a
    • Język tekstu (P)
    • polski
    • h
    • Język tekstu oryginalnego i/lub pośredniego (P)
    • niemiecki
942 -Rodzaj dokumentu [ , ]
    • c
    • Rodzaj dokumentu
    • Książka
100 -Hasło główne - nazwa osobowa [1, ]
    • a
    • Nazwa osobowa (NP)
    • Steinmann, Horst
    • d
    • Daty biograficzne (NP)
    • (1934- ).
    • e
    • Rodzaj współpracy
    • Autor
    • 9
    • KHW
    • 443192
240 -Tytuł ujednolicony [1,0]
    • a
    • Tytuł ujednolicony
    • Management
    • l
    • Język tekstu
    • (pol.)
    • 9
    • KHW
    • 40680
245 -Strefa tytułu i oznaczenia odpowiedzialności [1,0]
    • a
    • Tytuł
    • Zarządzanie : Find
    • b
    • Ciąg dalszy tytułu (NP)
    • podstawy kierowania przedsiębiorstwem : koncepcje, funkcje, przykłady / Find
    • c
    • Pozostałe elementy strefy tytułu i oznaczenia odpowiedzialności (NP)
    • Horst Steinmann, Georg Schreyögg ; tłumaczenie i redakcja naukowa pod kierownictwem Lesława Martana ; redakcja naukowa zespół w składzie: Zygmunt Gałdzicki [i 5 pozostałych].
250 -Strefa wydania [ , ]
    • a
    • Oznaczenie wydania (NP)
    • Wydanie trzecie poprawione i uzupełnione.
260 -Strefa adresu wydawniczego [ , ]
    • a
    • Miejsce wydania (P)
    • Wrocław :
    • b
    • Nazwa wydawcy (P)
    • Oficyna Wydawnicza Politechniki Wrocławskiej,
    • c
    • Data wydania (P)
    • 1998.
300 -Strefa opisu fizycznego [ , ]
    • a
    • Określenie formy książki i/lub objętość (NP)
    • 553 strony :
    • b
    • Oznaczenie ilustracji (NP)
    • ilustracje ;
    • c
    • Format (NP)
    • 24 cm.
336 -Typ zawartości [ , ]
    • a
    • Termin opisujący typ zawartości
    • Tekst
    • b
    • Kod określający zawartość
    • txt
    • 2
    • Źródło (terminu i kodu)
    • rdacontent
337 -Typ mediów [ , ]
    • a
    • Tryb odtwarzania
    • Bez urządzenia pośredniczącego
    • b
    • Kod typu mediów
    • n
    • 2
    • Źródło (terminu i kodu)
    • rdamedia
338 -Typ/rodzaj nośnika [ , ]
    • a
    • Hasło opisujące typ nośnika
    • Wolumin
    • b
    • Kod typu nośnika
    • nc
    • 2
    • Źródło (terminu i kodu)
    • rdacarrier
504 -Uwaga dot. bibliogr. załącznikowej [ , ]
    • a
    • Uwaga dot. bibliografii załącznikowej
    • Bibliografia przy rozdziałach.
521 -Uwaga dot. przeznaczenia czytelniczego [8, ]
    • a
    • Uwaga dot. przeznaczenia czytelniczego
    • Podręcznik polecany studentom na kierunkach zarządzania wyższych uczelni ekonomicznych i technicznych.
080 -Uniwersalna Klasyfikacja Dziesiętna [ , ]
    • a
    • Symbol klasyfikacji
    • 658.1/.5.01(075.8)
650 -Hasło przedmiotowe [ ,7]
    • a
    • Hasło przedmiotowe
    • Zarządzanie przedsiębiorstwem.
    • 2
    • Źródło terminu
    • kaba
    • 9
    • KHW
    • 137518
650 -Hasło przedmiotowe [ ,7]
    • a
    • Hasło przedmiotowe
    • Zachowania w organizacji.
    • 2
    • Źródło terminu
    • kaba
    • 9
    • KHW
    • 137284
650 -Hasło przedmiotowe [ ,7]
    • a
    • Hasło przedmiotowe
    • Kadry kierownicze
    • x
    • Określnik rzeczowy
    • zarządzanie.
    • 2
    • Źródło terminu
    • kaba
    • 9
    • KHW
    • 358888
650 -Hasło przedmiotowe [ ,7]
    • a
    • Hasło przedmiotowe
    • Planowanie strategiczne.
    • 2
    • Źródło terminu
    • kaba
    • 9
    • KHW
    • 124110
650 -Hasło przedmiotowe [ ,7]
    • a
    • Hasło przedmiotowe
    • Zarządzanie przedsiębiorstwem
    • v
    • Określnik formalny
    • podręczniki akademickie.
    • 2
    • Źródło terminu
    • kaba
    • 9
    • KHW
    • 352308
980 -Symbol UKD [ , ]
    • a
    • UKD
    • 658.1/.5.01(075.8)
700 -Hasło dodatkowe - nazwa osobowa [1, ]
    • a
    • Nazwa osobowa (NP)
    • Schreyögg, Georg. Find
    • e
    • Określenie rodzaju współpracy
    • Autor
    • 9
    • KHW
    • 71396
700 -Hasło dodatkowe - nazwa osobowa [1, ]
    • a
    • Nazwa osobowa (NP)
    • Martan, Lesław Find
    • d
    • Daty biograficzne (NP)
    • (1925-2008).
    • e
    • Określenie rodzaju współpracy
    • Redakcja
    • e
    • Określenie rodzaju współpracy
    • Tłumaczenie
    • 9
    • KHW
    • 525755
700 -Hasło dodatkowe - nazwa osobowa [1, ]
    • a
    • Nazwa osobowa (NP)
    • Gałdzicki, Zygmunt Find
    • d
    • Daty biograficzne (NP)
    • (1927-2012).
    • e
    • Określenie rodzaju współpracy
    • Redakcja
    • 9
    • KHW
    • 533939
710 -Hasło dodatkowe - nazwa ciała zbiorowego [2, ]
    • a
    • Nazwa ciała zbiorowego lub nazwa geograficzna jako pierwszy element (NP)
    • Politechnika Wrocławska.
    • b
    • Nazwa jednostki podrzędnej (P)
    • Oficyna Wydawnicza.
    • e
    • Rodzaj współpracy
    • Wydawca
    • 4
    • Kod relacji
    • pbl
    • 9
    • KHW
    • 68196
920 -ISBN [ , ]
    • a
    • ISBN
    • 83-7085-375-7 Find
Lokalizacja Data inwentaryzacji Status udost. Numer inwentarzowy Sygnatura
BE2000-01-13-2E.66486 
BE2000-01-13-3S.84820 
BE2000-01-13-3S.84821 
BE2000-02-252S.85484 
BE2000-02-25-6S.85485 
BE2000-02-25-6S.85486 
BE2000-02-25-3S.85487 
BE2000-02-25-6S.85488 
BE2000-02-25-6S.85489 
BE2000-02-252S.85490 
T1999-07-16-3T.780T.780
T1999-07-16-3T.781T.781
T1999-07-16-3T.782T.782
T1999-07-16-3T.783T.783
T1999-07-16-3T.784T.784